INTERNATIONAL MATERNAL AND CHILD HEALTH CARE (Record no. 31751)

MARC details
000 -LEADER
fixed length control field 00406nam a22001577a 4500
003 - CONTROL NUMBER IDENTIFIER
control field OSt
005 - DATE AND TIME OF LATEST TRANSACTION
control field 20220225111757.0
008 - FIXED-LENGTH DATA ELEMENTS--GENERAL INFORMATION
fixed length control field 220225b |||||||| |||| 00| 0 eng d
020 ## - INTERNATIONAL STANDARD BOOK NUMBER
International Standard Book Number 978-84619 992 9
040 ## - CATALOGING SOURCE
Original cataloging agency DDC
Transcribing agency HU
082 ## - DEWEY DECIMAL CLASSIFICATION NUMBER
Edition number 1ST
Classification number 618.92
Item number 4
245 ## - TITLE STATEMENT
Title INTERNATIONAL MATERNAL AND CHILD HEALTH CARE
250 ## - EDITION STATEMENT
Edition statement 1ST
260 ## - PUBLICATION, DISTRIBUTION, ETC.
Place of publication, distribution, etc. LONDON
Name of publisher, distributor, etc. RADCLIFFE PUBLISHING LTD
Date of publication, distribution, etc. 2014
942 ## - ADDED ENTRY ELEMENTS (KOHA)
Source of classification or shelving scheme Dewey Decimal Classification
Koha item type Books like text book referance book
Suppress in OPAC No
Holdings
Withdrawn status Lost status Source of classification or shelving scheme Damaged status Not for loan Home library Current library Date acquired Total Checkouts Full call number Barcode Date last seen Copy number Price effective from Koha item type
    Dewey Decimal Classification     College of Medicine and Health’s Sciences Library College of Medicine and Health’s Sciences Library 02/25/2022   618.92-INT-2014 CMHSL00010828 02/25/2022 1 02/25/2022 Books like text book referance book
    Dewey Decimal Classification     College of Medicine and Health’s Sciences Library College of Medicine and Health’s Sciences Library 02/25/2022   618.92-INT-2014 CMHSL00010829 02/25/2022 2 02/25/2022 Books like text book referance book
    Dewey Decimal Classification     College of Medicine and Health’s Sciences Library College of Medicine and Health’s Sciences Library 02/25/2022   618.92-INT-2014 CMHSL00010830 02/25/2022 3 02/25/2022 Books like text book referance book
    Dewey Decimal Classification     College of Medicine and Health’s Sciences Library College of Medicine and Health’s Sciences Library 02/25/2022   618.92-INT-2014 CMHSL00010831 02/25/2022 4 02/25/2022 Books like text book referance book